Ảnh hưởng phân rơm rạ hữu cơ vi sinh lên năng suất và chất lượng của lúa ở Hậu Giang (Luận văn tốt nghiệp cao học. Ngành Khoa học cây trồng)

Tìm hiểu ảnh hưởng phân rơm rạ hữu cơ vi sinh lên năng suất và chất lượng của lúa ở Hậu Giang

Enregistré dans:
Détails bibliographiques
Auteur principal: Võ, Thị Tú Trinh
Format: Livre
Langue:Undetermined
Publié: Cần Thơ Đại học Cần Thơ 2014
Sujets:
Tags: Ajouter un tag
Pas de tags, Soyez le premier à ajouter un tag!
Thư viện lưu trữ: Trung tâm Học liệu Trường Đại học Cần Thơ
LEADER 01036nam a2200229Ia 4500
001 CTU_197638
008 210402s9999 xx 000 0 und d
082 |a 631.4 
082 |b Tr312 
088 |a 606201 
100 |a Võ, Thị Tú Trinh 
245 0 |a Ảnh hưởng phân rơm rạ hữu cơ vi sinh lên năng suất và chất lượng của lúa ở Hậu Giang 
245 0 |b (Luận văn tốt nghiệp cao học. Ngành Khoa học cây trồng) 
245 0 |c Võ Thị Tú Trinh ; Nguyễn Thành Hối, Trịnh Quang Khương (Người hướng dẫn) 
260 |a Cần Thơ 
260 |b Đại học Cần Thơ 
260 |c 2014 
520 |a Tìm hiểu ảnh hưởng phân rơm rạ hữu cơ vi sinh lên năng suất và chất lượng của lúa ở Hậu Giang 
650 |a Cây lúa 
650 |x Dinh dưỡng đất trồng 
910 |a Nguyên 
980 |a Trung tâm Học liệu Trường Đại học Cần Thơ